Normal view
MARC view
Entry Topical Term
001 - CONTROL NUMBER
- control field: 238531
003 - CONTROL NUMBER IDENTIFIER
- control field: OSt
005 - DATE AND TIME OF LATEST TRANSACTION
- control field: 20250910155539.0
008 - FIXED-LENGTH DATA ELEMENTS
- fixed length control field: 250910|| aca||aabn | a|a d
040 ## - CATALOGING SOURCE
- Original cataloging agency: OSt
- Transcribing agency: OSt
150 ## - HEADING--TOPICAL TERM
- Topical term or geographic name entry element: Statistical modeling
670 ## - SOURCE DATA FOUND
- Source citation: Work cat.: (OSt)182584: Nelson, Mark. 238528, Data compression book /, 1993.